Statistiques concernant Effectif RB Leipzig saison 2023/2024

Cliquez ici pour prendre le quiz!

Statistiques générales

  • Ce quiz a été pris 24 fois
  • Le résultat moyen est 11 sur 23

Statistiques - réponses

HintRéponse% Correct
ALoïs Openda
91%
AXavi Simons
91%
DMohamed Simakan
74%
DWilli Orban
70%
DCastello Lukeba
65%
MDani Olmo
65%
GPéter Gulácsi
65%
ABenjamin Šeško
61%
DDavid Raum
57%
DLukas Klostermann
57%
CoachMarco Rose
57%
MAmadou Haidara
52%
DBenjamin Henrichs
48%
MXaver Schlager
48%
AYussuf Poulsen
48%
DEl Chadaille Bitshiabu
30%
MKevin Kampl
30%
MChristoph Baumgartner
26%
GJanis Blaswich
26%
MNicolas Seiwald
22%
DChristopher Lenz
9%
MEljif Elmas
9%
GLeopold Zingerle
4%

Distribution des résultats

Percentile par nombre de réponses

% des personnes avec chaque résultat

Votre développement - résultats

Vous n’avez pas pris ce quiz